Tools for the Development of Global Competence
Najnovšie trendy na trhu práce, ako je mobilita pracovnej sily, kultúrna diverzita a sociálno-ekonomické zmeny, ovplyvňujú najmä mladých ľudí, aby disponovali potrebnými kompetenciami pre život a prácu v globálnom svete. Vzdelávacie inštitúcie sa snažia reflektovať tieto trendy a hľadať nástroje, kt...
Gespeichert in:
| 1. Verfasser: | |
|---|---|
| Weitere Verfasser: | |
| Format: | Buchkapitel |
| Sprache: | Englisch |
| Schlagworte: | |
| Tags: |
Keine Tags, Fügen Sie das erste Tag hinzu!
|
MARC
| LEADER | 00000naa a2200000 4500 | ||
|---|---|---|---|
| 001 | 0291717 | ||
| 005 | 20240502083944.6 | ||
| 041 | 0 | |a eng | |
| 044 | |a CZ | ||
| 245 | 1 | 0 | |a Tools for the Development of Global Competence |c Aneta Bobenič Hintošová, Glória Bódy |
| 520 | |a Najnovšie trendy na trhu práce, ako je mobilita pracovnej sily, kultúrna diverzita a sociálno-ekonomické zmeny, ovplyvňujú najmä mladých ľudí, aby disponovali potrebnými kompetenciami pre život a prácu v globálnom svete. Vzdelávacie inštitúcie sa snažia reflektovať tieto trendy a hľadať nástroje, ktoré môžu prispieť k rozvoju globálnej kompetencie študentov. Cieľom príspevku je poskytnúť prehľad a syntézu nástrojov, ktoré boli použité na rozvoj globálnej kompetencie mladých ľudí ako budúcich účastníkov trhu práce. | ||
| 610 | 2 | 0 | |a kompetencie |
| 610 | 2 | 0 | |a globalizácia |
| 610 | 2 | 0 | |a trh práce |
| 610 | 2 | 0 | |a vzdelávanie |
| 610 | 2 | 0 | |a štúdium v zahraničí |
| 610 | 2 | 0 | |a sily pracovné |
| 100 | 1 | |a Bobenič Hintošová, Aneta, 1979- | |
| 700 | 1 | |a Bódy, Glória, 1998- | |